| 000 | 01264nam0a2200301 4500 | ||
|---|---|---|---|
| 001 | RU\NLR\bibl\1203371 | ||
| 005 | 20260405071649.0 | ||
| 010 |
_a978-5-8024-0020-3 _9500 |
||
| 021 |
_aRU _b2008-4868 _9262 |
||
| 035 | _a(NLR Aleph) 001189860 | ||
| 090 |
_a1710456 _c1710456 |
||
| 100 | _a20080319d2007 |||y0rusy50 ca | ||
| 101 | 0 | _arus | |
| 102 | _aRU | ||
| 105 | _aa ||||||||| | ||
| 200 | 1 |
_aПолитико-экономические аспекты функционирования естественной монополии _eмонография _fА.И. Гаврилов |
|
| 210 |
_aМосква _cФинансы и кредит _d2007 |
||
| 215 |
_a108, [1] с. _d21 |
||
| 320 | _aБиблиогр.: с. 103-109 (121 назв.) | ||
| 606 | 1 |
_aЕстественные монополии _xГосударственное регулирование _yРоссийская Федерация _92377156 _3RU\NLR\auth\661418510 |
|
| 686 | _aУ9(2)-13-21(2Р) | ||
| 686 | _aУ9(2)-13(2Р) | ||
| 700 | 1 |
_4070 _8rus _7ca _aГаврилов _bА. И. _cд-р экон. наук _f1973- _gАлександр Ильич _3RU\NLR\auth\7724556 _97606 |
|
| 801 | 0 |
_aRU _bNLR _c20080319 _gRCR |
|
| 801 | 1 |
_aRU _bNLR _c20080319 |
|
| 942 | _cBOOK | ||
| 980 | _aNB | ||